Statistics for Most Populated Texas Cities By Letter

Click here to take the quiz!

General Stats

  • This quiz has been taken 50 times
    (36 since last reset)
  • The average score is 13 of 25

Answer Stats

Letter Population City % Correct
A931,820Austin
100%
D1,300,092Dallas
94%
H2,296,224Houston
91%
E681,124El Paso
85%
F833,319Fort Worth
85%
S1,469,845San Antonio
82%
C324,074Corpus Christi
76%
P283,558Plano
71%
G236,897Garland
68%
W132,356Waco
65%
B183,887Brownsville
62%
I236,607Irving
59%
L255,473Laredo
59%
O118,968Odessa
53%
V67,574Victoria
41%
M162,898McKinney
38%
K140,806Killeen
35%
J14,544Jacksonville
32%
R115,997Round Rock
29%
N70,503New Braunfels
24%
Y5,518Yoakum
15%
Z711Zavalla
12%
Q2,641Quanah
9%
T112,505The Woodlands
6%
U24,396University Park
6%

Score Distribution

Percentile by Number Answered

Percent of People with Each Score

Your Score History

You have not taken this quiz since the last reset